Piłkarze urodzeni w innym kraju - Statystyki

Ogólne statystyki
  • Ten quiz został rozwiązany 29 razy
  • Średni wynik to 15 z 30
Statystyki odpowiedzi
Piłkarz Kraj ur. % Poprawnych
Matty Cash Anglia
100%
Brahim Diaz Hiszpania
86%
Erling Haaland Anglia
77%
Nicola Zalewski Włochy
73%
Hakan Calhanoglu Niemcy
68%
Lukas Podolski Polska
64%
Taras Romanczuk Ukraina
64%
Pepe Brazylia
59%
Achraf Hakimi Hiszpania
59%
Mirosław Klose Polska
59%
Jorginho Brazylia
55%
Aymeric Laporte Francja
55%
Emmanuel Olisadebe Nigeria
55%
Eduardo Camavinga Angola
50%
Ludovic Obraniak Francja
50%
Damian Perquis Francja
50%
Willi Orban Niemcy
50%
Alphonso Davies Ghana
45%
Marcus Thuram Włochy
45%
Roger Guerreiro Brazylia
41%
Raheem Sterling Jamajka
41%
Gonzalo Higuain Francja
36%
Bryan Mbeumo Francja
36%
Ivan Rakitić Szwajcaria
36%
Peter Schmeichel Polska
32%
Mile Svilar Belgia
27%
Ansu Fati Gwinea Bissau
27%
Marc Guehi Wybrzeże Kości Słoniowej
23%
Yassine Bounou Kanada
18%
Diogo Costa Szwajcaria
14%
Nie znaleziono quizów pasujących do podanych kryteriów
Rozkład punktacji
Procent ludzi z każdym wynikiem
Percentyl według liczby udzielonych odpowiedzi
Twoja historia wyników
Nie rozwiązałeś tego quizu